La universidad concreta del singular: Hegel-Kierkegaard /
Este artículo examina las ideas de Hegel y Kierkegaard en relación con la universidad y la singularidad. A través de un análisis comparativo, se exploran las similitudes y diferencias en sus perspectivas filosóficas sobre la educación superior y la formación individual en la sociedad. Se destaca cóm...
Guardat en:
| Autor principal: | |
|---|---|
| Format: | Text |
| Idioma: | Spanish |
| Matèries: | |
| Etiquetes: |
Afegir etiqueta
Sense etiquetes, Sigues el primer a etiquetar aquest registre!
|
MARC
| LEADER | 00000 a a2200000 04500 | ||
|---|---|---|---|
| 001 | 48175 | ||
| 003 | cru CIDCACS/IIS | ||
| 005 | 20230902201700.0 | ||
| 007 | ta | ||
| 008 | 180906b ||||| |||| 00| 0 spa d | ||
| 040 | |c cru CIDCACS/IIS | ||
| 100 | |a Binetti, María J. | ||
| 245 | |a La universidad concreta del singular: |b Hegel-Kierkegaard / |c María J. Binetti | ||
| 520 | |a Este artículo examina las ideas de Hegel y Kierkegaard en relación con la universidad y la singularidad. A través de un análisis comparativo, se exploran las similitudes y diferencias en sus perspectivas filosóficas sobre la educación superior y la formación individual en la sociedad. Se destaca cómo sus enfoques influyen en la comprensión de la universidad y su relación con la individualidad y la sociedad. El artículo profundiza en cómo estas ideas influyen en la educación superior y el desarrollo personal, ofreciendo una visión crítica y reflexiva de sus implicaciones en la filosofía de la educación. RAR 01/2023 | ||
| 650 | 0 | |9 136 |a HISTORIA | |
| 650 | 0 | |9 84 |a FILOSOFIA | |
| 650 | 0 | |9 4620 |a IDENTIDAD | |
| 650 | 0 | |9 7651 |a INDIVIDUOS | |
| 650 | 0 | |9 3136 |a HISTORIOGRAFIA | |
| 650 | 0 | |9 1831 |a ENSEÑANZA SUPERIOR | |
| 650 | 0 | |9 310 |a EDUCACION SUPERIOR | |
| 650 | 0 | |9 1427 |a DESARROLLO DE LA PERSONALIDAD | |
| 773 | |g páginas 57-70 | ||
| 942 | |2 ddc |c PP | ||
| 999 | |c 23289 |d 23289 | ||
